Statistics for All Biblical Places

Click here to take the quiz!

General Stats

  • This quiz has been taken 37 times
    (30 since last reset)
  • The average score is 58 of 1162

Answer Stats

Place% Correct
Egypt
90%
Jerusalem
80%
Ar
75%
Beth
75%
Israel
75%
Jordan
75%
Rome
70%
Lebanon
65%
Nazareth
65%
Syria
65%
Arab
60%
Babylon
60%
Bethlehem
60%
Cana
60%
Damascus
60%
Greece
60%
India
60%
Palestine
60%
Alexandria
55%
Athens
55%
Italy
55%
Sin
55%
Armenia
50%
Crete
50%
Eden
50%
Ethiopia
50%
Jericho
50%
Persia
50%
Sea of Galilee
50%
Spain
50%
Ur
50%
Ai
45%
Arabia
45%
Assyria
45%
Galilee
45%
Gaza
45%
Iraq
45%
Moab
45%
Red Sea
45%
Sinai
45%
Turkey
45%
Canaan
40%
Corinth
40%
Cyprus
40%
Gomorrah
40%
Kanah
40%
Mount
40%
Samaria
40%
Sidon
40%
Sodom
40%
Tyre
40%
Antioch
35%
Babel
35%
Hebron
35%
Judah
35%
Judea
35%
Libya
35%
Macedonia
35%
Zion
35%
Beer
30%
Bethany
30%
Cilicia
30%
Den
30%
Edom
30%
Galatia
30%
Heaven
30%
Malta
30%
Memphis
30%
Nile
30%
Nineveh
30%
Phoenicia
30%
Sheba
30%
Ashkelon
25%
Beersheba
25%
Bethel
25%
Dead Sea
25%
Euphrates
25%
Gethsemane
25%
Golgotha
25%
Hell
25%
Philippi
25%
Rhodes
25%
Shiloh
25%
Aram
20%
Ararat
20%
Ashdod
20%
Asshur
20%
Baal
20%
Baghdad
20%
Bethesda
20%
Capernaum
20%
Carmel
20%
Chaldea
20%
Dan
20%
Ephesus
20%
Hermon
20%
Jebus
20%
Jezreel
20%
Mesopotamia
20%
Nebo
20%
No
20%
Perga
20%
Philistia
20%
Pisidia
20%
Salem
20%
Tarshish
20%
The Temple
20%
Tiberias
20%
Akkad
15%
Armageddon
15%
Asia
15%
Bar
15%
Bithynia
15%
Caesarea
15%
Cappadocia
15%
Carchemish
15%
City
15%
Cyrene
15%
Dalmatia
15%
Elah
15%
Elam
15%
Elath
15%
Hinnom
15%
Hor
15%
Horeb
15%
Iconium
15%
Japho
15%
Lycaonia
15%
Lycia
15%
Lydia
15%
Magdala
15%
Megiddo
15%
Moriah
15%
Mysia
15%
Patmos
15%
Philadelphia
15%
Pithom
15%
Pontus
15%
River
15%
Seleucia
15%
Shechem
15%
Smyrna
15%
Tarsus
15%
Thessalonica
15%
Thyatira
15%
Troas
15%
Achaia
10%
Anem
10%
Azazel
10%
Baalbec
10%
Chios
10%
Cnidus
10%
David
10%
Ecbatana
10%
Elim
10%
Gate
10%
Gehenna
10%
Gerizim
10%
Gibeon
10%
Gihon
10%
Gilead
10%
Goshen
10%
Hades
10%
Hara
10%
Haran
10%
Hill
10%
Kadesh
10%
Lachish
10%
Laodicea
10%
Media
10%
Miletus
10%
Myra
10%
Neah
10%
Paradise
10%
Petra
10%
Phrygia
10%
Pool
10%
Puteoli
10%
Put/Phut
10%
Rama
10%
Sardis
10%
Shen
10%
Sheol
10%
Solomon's Temple
10%
Street
10%
Wilderness
10%
Zin
10%
Amphipolis
5%
Ariel
5%
Arimathea
5%
Baal-hazor
5%
Beautiful gate
5%
Berea
5%
Bethabara
5%
Beth-anath
5%
Bethsaida
5%
Bochim
5%
Cabul
5%
Cain
5%
Calah
5%
Calneh
5%
Calvary
5%
Cenchrea
5%
Cesarea
5%
Chezib
5%
Chorazin
5%
Coele-Syria
5%
Colossae
5%
Decapolis
5%
Derbe
5%
Dor
5%
Dura
5%
Earth
5%
East
5%
Ebenezer
5%
Ekron
5%
Emmaus
5%
Endor
5%
Engedi
5%
En-hakkore
5%
Etham
5%
Farm
5%
Field
5%
Forest
5%
Gabbatha
5%
Gath
5%
Golan
5%
Harod
5%
Havilah
5%
Herod's Temple
5%
Holy of holies
5%
House
5%
Kidron
5%
Laban
5%
Lystra
5%
Midian
5%
Migdol
5%
Mount of Olives
5%
Nimrud
5%
Nod
5%
Ophir
5%
Palace
5%
Pamphylia
5%
Paphos
5%
Ptolemais
5%
Rehob
5%
Rehoboth
5%
Rephidim
5%
Salamis
5%
Samos
5%
Sheep-gate
5%
Shinar
5%
Shushan
5%
Siloam
5%
Sion
5%
Syracuse
5%
Tabor
5%
Tent
5%
The Second Temple
5%
Throne
5%
Tob
5%
Tombs
5%
Uz
5%
Wall
5%
Well
5%
Abana
0%
Abarim
0%
Abdon
0%
Abel
0%
Abel-beth-maachah
0%
Abel-cheramim
0%
Abel-meholah
0%
Abel-mizraim
0%
Abel-shittim
0%
Abez
0%
Abilene
0%
Abode
0%
Abronah
0%
Accad
0%
Accho
0%
Aceldama
0%
Achmetha
0%
Achor
0%
Achshaph
0%
Achzib
0%
Adamah
0%
Adam's city
0%
Admah
0%
Adramyttium
0%
Adria
0%
Adullam
0%
Adummim
0%
Aenon
0%
Ahava
0%
Ahlab
0%
Aholah
0%
Aholiamah
0%
Aholibah
0%
Aholibamah
0%
Ain
0%
Ajalon
0%
Akrabbim
0%
Alemeth
0%
Allon
0%
Allon-bachuth
0%
Almon
0%
Altar
0%
Alush
0%
Amana
0%
Ammah
0%
Anab
0%
Ananiah
0%
Anathoth
0%
Aner
0%
Anim
0%
Antipatris
0%
Antonia
0%
Aphik
0%
Apollonia
0%
Appii Forum
0%
Arabah
0%
Arad
0%
Aram-naharaim
0%
Aram-zobah
0%
Archi
0%
Areopagus
0%
Argob
0%
Armory (armoury)
0%
Arnon
0%
Aroer
0%
Arpad
0%
Arvad
0%
Ashdoth-pisgah
0%
Ashtaroth
0%
Ashteroth Karnaim
0%
Assos
0%
Asuppim
0%
Atad
0%
Ataroth
0%
Ava
0%
Aven
0%
Azal
0%
Azekah
0%
Azmaveth
0%
Azotus
0%
Baalah
0%
Baalath
0%
Baalath-beer
0%
Baale of Judah
0%
Baal-gad
0%
Baal-hamon
0%
Baal-hermon
0%
Baal-meon
0%
Baal-perazim
0%
Baal-shalisha
0%
Baal-tamar
0%
Baal-zephon
0%
Baca
0%
Bahurim
0%
Bajith
0%
Balah
0%
Bamah
0%
Bamoth
0%
Bamoth-baal
0%
Banquet
0%
Barn
0%
Bashan
0%
Bashan-havoth-jair
0%
Bath-rabbim
0%
Baths
0%
Battlement
0%
Bay
0%
Bealoth
0%
Bed-chamber
0%
Beer-elim
0%
Beer-lahai-roi
0%
Beeroth
0%
Bela
0%
Berachah
0%
Bered
0%
Besor
0%
Beth-anoth
0%
Beth-arabah
0%
Beth-aram
0%
Beth-arbel
0%
Beth-aven
0%
Beth-barah
0%
Beth-car
0%
Beth-dagon
0%
Beth-diblathaim
0%
Bether
0%
Beth-gamul
0%
Beth-gilgal
0%
Beth-haccerem
0%
Beth-horon
0%
Beth-jeshimoth
0%
Beth-peor
0%
Beth-phage
0%
Beth-shean
0%
Beth-shemesh
0%
Beth-tappuah
0%
Bethuel
0%
Bethzatha (Bethesda)
0%
Bethzur
0%
Beulah
0%
Beyond
0%
Bezek
0%
Bezer
0%
Bith-ron
0%
Boaz
0%
Bondage
0%
Booth
0%
Bozrah
0%
Breach
0%
Brook
0%
Building
0%
Bulwarks
0%
Buz
0%
By-ways
0%
Cabins
0%
Caesara Philippi
0%
Caleb
0%
Camon
0%
Camp
0%
Canneh
0%
Caphtor
0%
Casiphia
0%
Castle
0%
Causeway
0%
Cave
0%
Cedron
0%
Ceiling
0%
Cellar
0%
Chamber
0%
Channel
0%
Chapel
0%
Charashim
0%
Charran
0%
Chebar
0%
Chephirah
0%
Cherith
0%
Chesalon
0%
Chesil
0%
Chesulloth
0%
Chidon
0%
Chilmad
0%
Chinnereth
0%
Chor-ashan
0%
Chozeba
0%
Chun
0%
Church
0%
Cinnereth
0%
Cistern
0%
Cities of Refuge
0%
City of Salt
0%
Clauda
0%
Closet
0%
College
0%
Colony
0%
Conduit
0%
Convocation
0%
Coos
0%
Corner
0%
Cotes
0%
Cottage
0%
Court
0%
Cushan
0%
Cuthah
0%
Daberath
0%
Dagon's house
0%
Dale, The king’s
0%
Dalmanutha
0%
Dan-jaan
0%
Dannah
0%
Debir
0%
Decision
0%
Deep
0%
Destruction
0%
Diblathaim
0%
Dibon
0%
Dimnah
0%
Dinhabah
0%
Dizahab
0%
Door-posts
0%
Doors
0%
Dophkah
0%
Dothan
0%
Dragon well
0%
Draught-house
0%
Dumah
0%
Dungeon
0%
Dung-gate
0%
Dung-hill
0%
Dwellings
0%
East gate
0%
East sea
0%
Ebal
0%
Ebronah
0%
Edar
0%
Eder
0%
Edrei
0%
Eglaim
0%
Eglon
0%
El-Bethel
0%
Elealeh
0%
El-elohe-Israel
0%
Elkosh
0%
Ellasar
0%
Elon
0%
Elparan
0%
Eltekeh
0%
Encamp
0%
En-eglaim
0%
En-gannim
0%
En-rogel
0%
En-shemesh
0%
Ephah
0%
Ephes-dammim
0%
Ephraim
0%
Ephraim in the wilderness
0%
Ephratah
0%
Ephron
0%
Erech
0%
Esdraelon
0%
Esek
0%
Eshcol
0%
Eshean
0%
Eshtaol
0%
Eshtemoa
0%
Etam
0%
Exile
0%
Exodus
0%
Ezel
0%
Ezion-geber
0%
Fair Havens
0%
Fallow-ground
0%
Feast
0%
Fence
0%
Fenced cities
0%
Ferry boat
0%
Festivals, Religious
0%
Firmament
0%
Fish-pools
0%
Fold
0%
Ford
0%
Fountain
0%
Fountain of the Virgin
0%
Fuller's field
0%
Funeral
0%
Furnace
0%
Gaash
0%
Gadara
0%
Galeed
0%
Gallery
0%
Gallim
0%
Gardens
0%
Gareb
0%
Garner
0%
Garrison
0%
Gate of Ephraim
0%
Gate of Shallecheth
0%
Gath-hepher
0%
Gath-rimmon
0%
Gaulanitis
0%
Geba
0%
Gebal
0%
Gebim
0%
Geder
0%
Gederah
0%
Gedor
0%
Geliloth
0%
Gennesaret
0%
Gerar
0%
Gergesa
0%
Geshur
0%
Gezer
0%
Gibbethon
0%
Gibeah
0%
Gibeah-haaraloth
0%
Gibeah of Judah
0%
Gibeah of Phinehas
0%
Gilboa
0%
Gilgal
0%
Giloh
0%
Gimzo
0%
Gittah-hepher
0%
Gittaim
0%
Goath
0%
Gob
0%
Gog
0%
Gozan
0%
Grave
0%
Grove
0%
Guest-chamber
0%
Gur
0%
Gur-baal
0%
Habitation
0%
Habor
0%
Hachilah
0%
Hadad-rimmon
0%
Hadashah
0%
Hadattah
0%
Hadid
0%
Hadrach
0%
Halah
0%
Halak
0%
Halhul
0%
Hall
0%
Hamath
0%
Hamath-zobah
0%
Hammath
0%
Hammon
0%
Hammoth-dor
0%
Hamonah
0%
Hamon-gog
0%
Hananeel
0%
Hanes
0%
Haradah
0%
Hareth
0%
Harosheth of the Gentiles
0%
Hashmonah
0%
Hauran
0%
Haven
0%
Havoth-jair
0%
Hazar-addar
0%
Hazar-enan
0%
Hazar-gaddah
0%
Hazar-hatticon
0%
Hazar-maveth
0%
Hazar-shual
0%
Hazar-susah
0%
Hazerim
0%
Hazeroth
0%
Hazezon-tamar
0%
Hazor
0%
Hazor-hadattah
0%
Heap
0%
Helam
0%
Helbah
0%
Helbon
0%
Heleph
0%
Helkath
0%
Helkath-hazzurim
0%
Hena
0%
Hepher
0%
Hephzibah
0%
Heres
0%
Hermonites, The
0%
Herodion
0%
Heshbon
0%
Heshmon
0%
Hethlon
0%
Hezron
0%
Hiddekel
0%
Hierapolis
0%
High place
0%
Hill of Evil Counsel
0%
Hobah
0%
Hold
0%
Holy place
0%
Horem
0%
Hormah
0%
Horonaim
0%
Horse-gate
0%
Hosah
0%
Hukkok
0%
Ibleam
0%
Idalah
0%
Idumaea
0%
Iim
0%
Ije-abarim
0%
Ijon
0%
Illyricum
0%
Inn
0%
Irha-heres
0%
Isaac
0%
Ishtob
0%
Island
0%
Ituraea
0%
Ivah
0%
Jaazer
0%
Jabbok
0%
Jabesh
0%
Jabesh-Gilead
0%
Jabez
0%
Jabneel
0%
Jabneh
0%
Jachin and Boaz
0%
Jacob's Well
0%
Jagur
0%
Jahaz
0%
Janoah
0%
Janum
0%
Japhia
0%
Jarmuth
0%
Jattir
0%
Javan
0%
Jearim
0%
Jegar-sahadutha
0%
Jehoshaphat
0%
Jehovah-jireh
0%
Jehovah-nissi
0%
Jehovah-shalom
0%
Jehovah-shammah
0%
Jehovah-tsidkenu
0%
Jeruel
0%
Jeshanah
0%
Jeshimon
0%
Jethlah
0%
Jews’ Wailing-place
0%
Jokdeam
0%
Jokmeam
0%
Jokneam
0%
Joktheel
0%
Joppa
0%
Judah upon Jordan
0%
Judgment hall
0%
Judgment seat
0%
Juttah
0%
Kabzeel
0%
Karkaa
0%
Karkor
0%
Kartah
0%
Kartan
0%
Kattath
0%
Kedemoth
0%
Kedesh
0%
Kedron
0%
Kehelathah
0%
Keilah
0%
Kenath
0%
Kerioth
0%
Keziz
0%
Kibroth-hattaavah
0%
Kibzaim
0%
Kinah
0%
Kingdom of God
0%
King's dale
0%
Kir
0%
Kir-haraseth
0%
Kirjath
0%
Kirjathaim
0%
Kirjath-arba
0%
Kirjath-huzoth
0%
Kirjath-jearim
0%
Kirjath-sannah
0%
Kirjath-sepher
0%
Kir of Moab
0%
Kishion
0%
Kishon
0%
Kithlish
0%
Kitron
0%
Koa
0%
Laish
0%
Landmark
0%
Lasaea
0%
Lasha
0%
Lebonah
0%
Lehi
0%
Levitical cities
0%
Libnah
0%
Lo-debar
0%
Lodge
0%
Luhith
0%
Luz
0%
Lydda
0%
Maachah
0%
Maaleh-acrabbim
0%
Maarath
0%
Machaerus
0%
Machpelah
0%
Madmannah
0%
Madmen
0%
Madmenah
0%
Madon
0%
Magog
0%
Mahanaim
0%
Mahaneh-dan
0%
Makheloth
0%
Makkedah
0%
Maktesh
0%
Mamre
0%
Maon
0%
Marah
0%
Maralah
0%
Mareshah
0%
Market-place
0%
Maroth
0%
Mars Hill
0%
Mashal
0%
Masrekah
0%
Massah
0%
Mattanah
0%
Meadow
0%
Mearah
0%
Medeba
0%
Me-jarkon
0%
Mekonah
0%
Melita
0%
Meonenim
0%
Mephaath
0%
Merathaim
0%
Meribah
0%
Merom
0%
Meroz
0%
Mesha
0%
Metheg-ammah
0%
Michmash
0%
Michmethah
0%
Middin
0%
Migdal-Edar
0%
Migdal-el
0%
Migdal-gad
0%
Migron
0%
Millo
0%
Minni
0%
Minnith
0%
Misgab
0%
Mishal
0%
Misheal
0%
Misrephoth-maim
0%
Mithcah
0%
Mitylene
0%
Mizar
0%
Mizpah
0%
Miz'peh
0%
Mizraim
0%
Moabite Stone
0%
Moladah
0%
Moreh
0%
Moresheth-gath
0%
Mosera
0%
Moseroth
0%
Mosul
0%
Mount of beatitudes
0%
Mount of corruption
0%
Mount of the Amalekites
0%
Mount of the Amorites
0%
Mount of the Congregation
0%
Mount of the congregation
0%
Mount of the valley
0%
Mount Paran
0%
Mount Perazim
0%
Mozah
0%
Naamah
0%
Naaran
0%
Naarath
0%
Nahallal
0%
Nain
0%
Naioth
0%
Naphtali, Mount
0%
Naphtuhim
0%
Neapolis
0%
Neballat
0%
Neiel
0%
Nekeb
0%
Nephtoah
0%
Netophah
0%
Nezib
0%
Nibshan
0%
Nicopolis
0%
Nimrah
0%
Nimrim
0%
Nob
0%
Nobah
0%
Noph
0%
Nophah
0%
North country
0%
Northward
0%
Oboth
0%
Old gate
0%
Ono
0%
Open place
0%
Ophel
0%
Ophni
0%
Ophrah
0%
Oracle
0%
Oreb
0%
Padan
0%
Padan Aram
0%
Palm Trees
0%
Parah
0%
Paran
0%
Paran, Mount
0%
Parbar
0%
Parched ground
0%
Parlour
0%
Parvaim
0%
Pas-dammim
0%
Passage
0%
Patara
0%
Pathros
0%
Pau
0%
Pavement
0%
Pavilion
0%
Pekod
0%
Pelusium
0%
Pentecost
0%
Penuel
0%
Peor
0%
Perazim, Mount
0%
Perez-uzzah
0%
Pergamos
0%
Pethor
0%
Pharpar
0%
Phenice
0%
Phenicia
0%
Phut
0%
Pi-hahiroth
0%
Pinnacle
0%
Pirathon
0%
Pisgah
0%
Pison
0%
Plain
0%
Plain of Mamre
0%
Pool of Siloah
0%
Pool of Siloam
0%
Pools of Solomon
0%
Porch of Solomon
0%
Porch, Solomon's
0%
Potters field
0%
Praetorium
0%
Prison
0%
Pul
0%
Quarantania
0%
Quarries
0%
Raamah
0%
Rabbah
0%
Rachal
0%
Rahab
0%
Rakkath
0%
Rakkon
0%
Ramathaim-zophim
0%
Ramath-lehi
0%
Ramath-mizpeh
0%
Ramath of the south
0%
Rameses
0%
Ramoth
0%
Ramoth-gilead
0%
Refuge
0%
Remeth
0%
Remmon-methoar
0%
Rephaim
0%
Resen
0%
Rezeph
0%
Rhegium
0%
Riblah
0%
Rimmon
0%
Rimmon-parez
0%
Rissah
0%
Rithmah
0%
River of Egypt
0%
River of Gad
0%
Rivers of Babylon
0%
Rivers of Damascus
0%
Rivers of Judah
0%
Rogelim
0%
Rumah
0%
Salcah
0%
Salim
0%
Salmone
0%
Salt Sea
0%
Salt, The City of
0%
Salt, Valley of
0%
Samothracia
0%
Sanctuary
0%
Sansannah
0%
Saphir
0%
Sarepta
0%
Schools of the Prophets
0%
Sea of glass
0%
Sea of Jazer
0%
Sea of Tiberias
0%
Sea, The
0%
Seba
0%
Secacah
0%
Seir
0%
Seirath
0%
Sela
0%
Sela-hammahlekoth
0%
Senaah
0%
Seneh
0%
Senir
0%
Sephar
0%
Sepharad
0%
Sepharvaim
0%
Sepulchre
0%
Shaalabbin
0%
Shaaraim
0%
Shalem
0%
Shalim
0%
Shalisha
0%
Shamir
0%
Shapher
0%
Sharaim
0%
Sharon (Saron)
0%
Shaveh
0%
Shaveh-Kiriathaim
0%
Shearing-house
0%
Shebarim
0%
Sheep-fold
0%
Sheep-market
0%
Shema
0%
Shenir
0%
Shepham
0%
Sheshach
0%
Shibmah
0%
Shihon
0%
Shihor
0%
Shihor-Libnath
0%
Shilhim
0%
Shiloah
0%
Shimron
0%
Shimron-meron
0%
Shittim
0%
Shoa
0%
Shophan
0%
Shunem
0%
Shur
0%
Sichem
0%
Siddim
0%
Siddim, Vale of
0%
Sihor
0%
Silla
0%
Siloah
0%
Sinim
0%
Siphmoth
0%
Sirah
0%
Sirion
0%
Sitnah
0%
Socho
0%
Sodoma
0%
Stream of Egypt
0%
Suburbs
0%
Succoth
0%
Suph
0%
Suphah
0%
Sychar
0%
Sychem
0%
Syene
0%
Synagogue
0%
Taanach
0%
Taanath-shiloh
0%
Tabbath
0%
Taberah
0%
Tabernacle
0%
Tabernacle of Testimony
0%
Tadmor
0%
Tahapanes
0%
Tahtim-hodshi
0%
Tamar
0%
Tanis
0%
Tappuah
0%
Tarah
0%
Tekoa/Tekoah
0%
Tel-abib
0%
Telassar
0%
Telem
0%
Tel-haresha
0%
Tel-melah
0%
Tema
0%
Teman
0%
Testimony
0%
Tharshish
0%
Theatre
0%
Thebez
0%
The Three Taverns
0%
Threshold
0%
Tidal
0%
Timna
0%
Timnah
0%
Timnath
0%
Timnath-heres
0%
Timnath-serah
0%
Tiphsah
0%
Tirza
0%
Tochen
0%
Togarmah
0%
Tolad
0%
Tophel
0%
Tophet
0%
Tower of the furnaces
0%
Towers
0%
Trachonitis
0%
Transfiguration, The
0%
Treasure cities
0%
Treasure houses
0%
Treasury
0%
Tree of life
0%
Tree of the knowledge of good and evil
0%
Trogyllium
0%
Tubal
0%
Tyropoeon Valley
0%
Ulai
0%
Ummah
0%
Uphaz
0%
Uzza
0%
Uzzen-sherah
0%
Valley of Rephaim
0%
Valley of Salt
0%
Valley of Shaveh
0%
Ward
0%
Waters of Shiloah
0%
Waterspouts
0%
Westward
0%
Wood
0%
Yeshebi
0%
Yokneam/Yokneam Illit
0%
Zaanaim
0%
Zaanan
0%
Zaanannim
0%
Zair
0%
Zalmon
0%
Zalmonah
0%
Zanoah
0%
Zarephath
0%
Zaretan
0%
Zareth-shahar
0%
Zarthan
0%
Zeboim
0%
Zebulun
0%
Zedad
0%
Zelah
0%
Zemaraim
0%
Zephath
0%
Zephathah
0%
Zered
0%
Zereda
0%
Zeredathah
0%
Zererath
0%
Ziddim
0%
Zidon
0%
Ziklag
0%
Zior
0%
Ziph
0%
Ziphron
0%
Ziz
0%
Zoan
0%
Zoar
0%
Zobah
0%
Zoheleth
0%
Zophim
0%
Zorah
0%
Zuph
0%

Score Distribution

Percentile by Number Answered

Percent of People with Each Score

Your Score History

You have not taken this quiz since the last reset